| 000 | 00410nam a2200145Ia 4500 | ||
|---|---|---|---|
| 008 | 230917s9999||||xx |||||||||||||| ||und|| | ||
| 040 |
_e6627 _aMAIN |
||
| 041 | _aEnglish | ||
| 082 | _a153.15 P959P | ||
| 100 | _aBower, Gordon H, ed. | ||
| 245 | 0 | _aPsychology of learning and motivation: Advances in research and theory. V5 | |
| 260 |
_aNew York _bAcademic Press _c1972 |
||
| 300 | _axii, 388 p. | ||
| 942 | _cBK | ||
| 999 |
_c42630 _d42630 |
||